Welcome to CU Library Online Public Access Catalogue (OPAC)

Law Relating to Drugs and Cosmetics (Record no. 887)

MARC details
000 -LEADER
fixed length control field 00473nam a22001577a 4500
005 - DATE AND TIME OF LATEST TRANSACTION
control field 20241108142435.0
008 - FIXED-LENGTH DATA ELEMENTS--GENERAL INFORMATION
fixed length control field 241108b |||||||| |||| 00| 0 eng d
020 ## - INTERNATIONAL STANDARD BOOK NUMBER
International Standard Book Number 9789350280584
100 ## - MAIN ENTRY--PERSONAL NAME
Personal name Malik Vijay
245 ## - TITLE STATEMENT
Title Law Relating to Drugs and Cosmetics
250 ## - EDITION STATEMENT
Edition statement Updated 21st Edition with Supplement November, 2010
260 ## - PUBLICATION, DISTRIBUTION, ETC.
Place of publication, distribution, etc. Lucknow, India
Name of publisher, distributor, etc. Eastern Book Company
Date of publication, distribution, etc. 2010
300 ## - PHYSICAL DESCRIPTION
Extent xlviii, 1256 pages
Dimensions 24 cm
650 ## - SUBJECT ADDED ENTRY--TOPICAL TERM
Source of heading or term Drugs Law
General subdivision India
942 ## - ADDED ENTRY ELEMENTS (KOHA)
Source of classification or shelving scheme Library of Congress Classification
Koha item type Books
Suppress in OPAC No
999 ## -
-- 887
-- 887
Holdings
Withdrawn status Lost status Source of classification or shelving scheme Damaged status Not for loan Collection Home library Current library Shelving location Date acquired Total checkouts Full call number Barcode Date last seen Copy number Price effective from Koha item type
    Library of Congress Classification     Non-fiction Law Library (Christ Temple) Law Library (Christ Temple) General stacks 01/17/2025   KNS1536.M35 MAL LLCT00000177 01/17/2025 2 01/17/2025 Books
    Library of Congress Classification     Non-fiction Law Library (Christ Temple) Law Library (Christ Temple) General stacks 01/17/2025   KNS1536.M35 MAL LLCT00000178 01/17/2025 3 01/17/2025 Books
    Library of Congress Classification     Non-fiction Law Library (Miotso) Law Library (Miotso) General stacks 11/08/2024   KNS1536.M35 MAL LLM00000744 11/08/2024 1 11/08/2024 Books
© 2023-2024 Copyright: Central University Libraries. All Rights Reserved | Created by: Mahone Tech Office